Регионална библиотека "Любен Каравелов" - Русе

ТУРЕЦКИЕ народные сказки (Запис номер 344182)

MARC детайли
000 -Лидер
Контролно поле с фиксирана дължина 01119nam a2200325 c 4500
003 - Код на организацията, давaща контролен номер
Контролно поле BLK
005 - Дата и час на последна редакция
Контролно поле 20190913121300.0
008 - Елементи от данни с фиксирана дължина
fixed length control field 180911b bul|||||r ||||||| ||bul||
010 ## - Наследен системен номер
LC control number 003847
040 ## - Източник на каталожния запис
Идентификатор на билиотеката - собственик на записа BLK
041 ## - Код за език
Код за езика на текст/звукозапис или на отделно заглавие Руски
080 ## - УДК
УДК - код + определител 894.35-34
100 1# - Редна дума - Автор
Автор
Авторска отговорност първи автор
245 10 - Сведения за заглавието
Заглавие ТУРЕЦКИЕ народные сказки
246 ## - Различни форми на заглавието
Подзаглавни данни ТУРЕЦКИЕ народные сказки
Наименование на поредна част от произведението епос-народни приказки
250 ## - Област на изданието
Сведения за изданието 2. изд
260 ## - Област на издателските данни
Място на издаване, разпространение и проч. Москва
Име на издателя, разпространителя и проч. Вост. литература
Година на издаване 1967
300 ## - Физическа характеристика
Страници 480 с
Размери/Мащаб 21 см
380 ## - Жанр
Жанр Литературознание
490 ## - СЕРИИ (Колекции)
Име на серия Сказки и мифы народов Востока
490 ## - СЕРИИ (Колекции)
Име на серия Частна колекция - Академик Михаил Арнаудов
Бележки за серията Дарение - Основен фонд
653 ## - Ключова дума – ненормативна
9 (RLIN)
Ключова дума епос
653 ## - Ключова дума – ненормативна
9 (RLIN)
Ключова дума народни приказки
655 ## - Ключова дума – жанр/разновидност
Данни за жанр/разновидност или ключова дума за фокус турска литература
700 1# - Други автори (авторска отговорност)
Лично име Ред.
Автороска отговорност (Описва отношението между автора и произведението)
700 1# - Други автори (авторска отговорност)
Лично име вступ. статья
Автороска отговорност (Описва отношението между автора и произведението)
700 1# - Други автори (авторска отговорност)
Лично име Н. К. Дмитриева
Автороска отговорност (Описва отношението между автора и произведението) коммент.
852 ## - Местоположение
Форматна сигнатура МА 1925
942 ## - АРТИКУЛИ
Вид на библиотечния материал Книги
Скрит в OPAC Не
944 ## - СЪЗДАВАНЕ И РЕДАКЦИЯ на ЗАПИСА
Създаване/Редакция Създаване
Дата на регистрацията/редакция 1996
Служител, извършил регистрацията/редакцията GGG
999 ## - СИСТЕМНИ КОНТРОЛНИ НОМЕРА
Koha biblionumber 344182
Koha biblioitemnumber 344182
Наличности
Код за отписване Код за изгубен артикул Източник на класификационната схема Код за повреда Коз за рестрикции Код за отдаване Артикулен № Име на библиотеката - собственик Име на библиотеката, в която се намира в момента Статус (Текущо местоположение) Местоположение - отдел Цена в лева Инвентарен номер Систематично азбучна сигнатура Баркод Номер на екземпляра Цена в евро Служебен тип на артикула
  Не е изгубен Universal Decimal Classification Не е повреден без рестрикции Специални фондове ( старопечатни, редки и ценни, фонд М. Арнаудов) 744552 Регионална библиотека "Любен Каравелов" Русе Регионална библиотека "Любен Каравелов" Русе Фонд "Михаил Арнаудов" Фонд "Михаил Арнаудов" 1.50 590230 МА 1925 120000590230 1 0.77 Книги
Vip Innovations Ltd, Rousse, Bulgaria 2025